000 01635nam a2200229Ia 4500
003 Ost
005 20260507075136.0
008 260507s9999||||xx |||||||||||||| ||und||
020 _a×485029977
040 _cfsecg
041 _aara
082 _a330
100 _aالسالمي، علاء عبد الرزاق
_eمؤلف
245 0 _aنظم إدارة المعلومات /
_c علاء عبد الرزاق السالمي
260 _aالقاهرة:
_bالمنظمة العربية للتنمية الإدارية,
_c2003
300 _a244 صفحة؛
_bإيضاحات ؛
_c24 سم
490 _aبحوث ودراسات
520 _aمفاهيم أساسية في نظم المعلومات- تطور نظم المعلومات الإدارية- معالجة المعلومات والإدارة الإلكترونية- مستويات نظم المعلومات في المنظمة- نظم المعلومات والإدارة الإلكترونية- أسس نظام المعلومات الإداري الناجح- نظم معالجة الحركات- نظم المعلومات الإدارية- نظم دعم القرار- أنظمة دعم القرار- أنظمة المعلومات التنفيذية- نظم معلومات المعرفة- نظم المعلومات التسويقية- نظام معلومات الإنتاج- نظم معلومات الموارد البشرية- نظم المعلومات التسويقية- نظام المعلومات التمويل- أمن نظم المعلومات.
653 _aالإدارة
653 _aنظم المعلومات- المؤسسة الممتدة
942 _cكتاب
999 _c43265
_d43265